| Поле | Название | Значение |
| |
Тип записи |
a |
| |
Библиографический уровень |
m |
| 001 |
Контрольный номер |
RU\infra-m\znanium\bibl\2226776 |
| 005 |
Дата корректировки |
20260429142111.0 |
| 008 |
Кодируемые данные |
250919s2025 RU g rus u |
| 020 |
Индекс ISBN |
__ |
| a |
ISBN |
978-5-9729-2552-0 |
| 040 |
Источник каталогиз. |
__ |
| a |
Служба первич. каталог. |
Общество с ограниченной ответственностью «ЗНАНИУМ» |
| 041 |
Код языка издания |
__ |
| a |
Код языка текста |
rus |
| 044 |
Код страны публикации |
__ |
| a |
Код страны публикации |
RU |
| 080 |
Индекс УДК |
__ |
| a |
Индекс УДК |
539 |
| 084 |
Индекс другой классификации/Индекс ББК |
__ |
| 2 |
Источник индекса |
rubbk |
| a |
Индекс другой классификации/Индекс ББК |
30 |
| 084 |
Индекс другой классификации/Индекс ББК |
__ |
| 2 |
Источник индекса |
okso |
| a |
Индекс другой классификации/Индекс ББК |
23.05.01 |
| 100 |
Автор |
__ |
| a |
Автор |
Кравченко А.М. |
| q |
Полное имя |
Кравченко Андрей Михайлович |
| u |
Дополнение |
Рязанское высшее воздушно-десантное командное училище |
| 245 |
Заглавие |
__ |
| a |
Заглавие |
Сопротивление материалов |
| b |
Продолж. заглавия |
Учебник |
| c |
Ответственность |
Рязанское высшее воздушно-десантное командное училище |
| 250 |
Сведения об издании |
__ |
| a |
Основные сведения об издании |
1 |
| 260 |
Выходные данные |
__ |
| a |
Место издания |
Вологда |
| b |
Издательство |
Инфра-Инженерия |
| c |
Дата издания |
2025 |
| 300 |
Физическое описание |
__ |
| a |
Объем |
264 с. |
| 520 |
Аннотация |
__ |
| a |
Аннотация |
Издание представляет собой логическое обобщение учебно-научного материала по всему курсу дисциплины с фрагментами творческой интерпретации и компиляции самого актуального материала в области транспортного машиностроения. Для улучшения образного восприятия обучающимися объектов расчетов и процесса их трансформации в ходе нагружения материал сопровождается изображениями твердотельных 3D-моделей элементов конструкций разработанных авторами в среде машиностроительных САПР а также результатами FEM-анализа их напряженно-деформированного состояния в виде карт деформации и напряжения. Для студентов обучающихся по специальности 23.05.01 «Наземные транспортно-технологические средства». Может быть полезно для технических работников связанных с эксплуатацией техническим обслуживанием и модернизацией автобронетанковой техники а также соискателей ученых степеней. |
| 521 |
Примеч. о цел. назн. |
__ |
| a |
Примеч. о целев. назн. |
ВО - Специалитет |
| 650 |
Тематические рубрики |
__ |
| a |
Основная рубрика |
Общетехнические дисциплины |
| x |
Основная подрубрика |
Техническая механика. Сопротивление материалов |
| 655 |
Указ. предметных рубрик (устаревшее) |
__ |
| a |
Жанр/ форма (устаревшее) |
Учебник |
| 700 |
Другие авторы |
__ |
| a |
Другие авторы |
Меркушов Ю.Н. |
| q |
Полное имя |
Меркушов Юрий Николаевич |
| 856 |
Электронный адрес документа |
4_ |
| a |
Имя сервера/домена |
znanium.ru |
| m |
Помощь |
ebs_support@infra-m.ru |
| n |
Местонахождение сервера |
НИЦ ИНФРА-М |
| u |
URL |
https://znanium.ru/catalog/document?id=470118 |
| 856 |
Электронный адрес документа |
48 |
| a |
Имя сервера/домена |
znanium.ru |
| d |
Путь |
/cover/2226 |
| f |
Электронное имя |
2226776.jpg |
| q |
Тип электронного формата |
image/jpeg |
| u |
URL |
https://znanium.ru/cover/2226/2226776.jpg |
| 911 |
|
__ |
| u |
|
0030=https://znanium.ru/catalog/document?id=470118 |